Statistics for U.S. State Capitals with the Most Precipitation

Click here to take the quiz!

General Stats

  • This quiz has been taken 11,388 times
    (6,114 since last reset)
  • The average score is 7 of 10

Answer Stats

InchesStateCapital% Correct
58.8FloridaTallahassee
86%
50.4GeorgiaAtlanta
79%
61.9LouisianaBaton Rouge
78%
57.3MississippiJackson
77%
50.5WashingtonOlympia
76%
51.0AlabamaMontgomery
67%
67.0AlaskaJuneau
63%
50.5TennesseeNashville
60%
50.4ArkansasLittle Rock
57%
47.5Rhode IslandProvidence
22%

Score Distribution

Percentile by Number Answered

Percent of People with Each Score

Your Score History

You have not taken this quiz since the last reset